[Event "4NCL/Div2/BARY vs. PPA1"]
[Site "Coventry ENG"]
[Date "2007.01.13"]
[Round "5.8"]
[White "Sirisena, Chantal N"]
[Black "Bhatia, Kanwal K"]
[Result "0-1"]
[WhiteElo "1928"]
[BlackElo "2047"]
[PlyCount "96"]
[EventDate "2007.01.13"]
[EventType "team"]
[EventRounds "11"]
[EventCountry "ENG"]
[WhiteTeam "Poisnd Pawns 1"]
[BlackTeam "Barbican Yth"]

1. e4 e5 2. Bc4 Nf6 3. Nc3 Bc5 4. d3 c6 5. Nf3 d6 6. Be3 Bxe3 7. fxe3 Bg4 8. h3
Bh5 9. g4 Bg6 10. Qd2 Nbd7 11. Qf2 Nb6 12. Bb3 Qe7 13. a4 O-O-O 14. Nh4 Kb8 15.
Rf1 Rhf8 16. Nf5 Bxf5 17. exf5 h6 18. e4 d5 19. O-O-O d4 20. Nb1 Nfd7 21. a5
Nc8 22. Na3 Nc5 23. f6 Nxb3+ 24. cxb3 gxf6 25. Qxf6 Qc5+ 26. Kb1 Rd6 27. Qf2
Qb4 28. Qc2 Re6 29. Nc4 Ne7 30. h4 c5 31. Rf2 Nc6 32. Rdf1 Nxa5 33. Nxa5 Qxa5
34. Qc4 Ra6 35. Kc2 f6 36. g5 hxg5 37. hxg5 b5 38. Qd5 Rd8 39. Qf7 c4 40. Rxf6
cxb3+ 41. Qxb3 Rc8+ 42. Kd1 Qc7 43. Qxb5+ Rb6 44. Rxb6+ axb6 45. Qc4 Qd7 46.
Qb3 Qg4+ 47. Ke1 Rc1+ 48. Kd2 Qxg5+ 0-1

[Event "4NCL/Div2/WRO vs. BAR2"]
[Site "Coventry ENG"]
[Date "2007.01.14"]
[Round "6.1"]
[White "Van de Griendt, Jan W"]
[Black "Taylor, Martin R"]
[Result "1/2-1/2"]
[WhiteElo "2366"]
[BlackElo "2323"]
[PlyCount "51"]
[EventDate "2007.01.14"]
[EventType "team"]
[EventRounds "11"]
[EventCountry "ENG"]
[WhiteTeam "White Rose"]
[BlackTeam "Barbican 4NCL 2"]

1. d4 d5 2. Nf3 Nf6 3. c4 e6 4. Nc3 c6 5. Bg5 Nbd7 6. e3 Qa5 7. Nd2 Bb4 8. Qc2
c5 9. Bh4 Nb6 10. Rc1 cxd4 11. exd4 Nxc4 12. Nxc4 dxc4 13. Bxc4 Bd7 14. O-O Be7
15. Rfe1 O-O 16. Rcd1 Bc6 17. Re5 Qb4 18. Qe2 Nd7 19. a3 Qd6 20. Bxe7 Qxe7 21.
Re3 Nb6 22. d5 Nxc4 23. Qxc4 exd5 24. Nxd5 Bxd5 25. Qxd5 Qc7 26. Rc3 1/2-1/2

[Event "4NCL/Div2/WRO vs. BAR2"]
[Site "Coventry ENG"]
[Date "2007.01.14"]
[Round "6.2"]
[White "Eggleston, David J"]
[Black "Kaid, Almar"]
[Result "1/2-1/2"]
[WhiteElo "2284"]
[BlackElo "2276"]
[PlyCount "48"]
[EventDate "2007.01.14"]
[EventType "team"]
[EventRounds "11"]
[EventCountry "ENG"]
[WhiteTeam "Barbican 4NCL 2"]
[BlackTeam "White Rose"]

1. e4 e6 2. d4 d5 3. Nd2 a6 4. Ngf3 c5 5. exd5 exd5 6. Be2 Nf6 7. O-O Bd6 8.
dxc5 Bxc5 9. Nb3 Bb6 10. Ne5 O-O 11. Bf3 Nc6 12. Bf4 Re8 13. Nxc6 bxc6 14. c4
Ne4 15. cxd5 cxd5 16. Rc1 a5 17. Nd4 Nxf2 18. Rxf2 Qf6 19. Ne2 Bxf2+ 20. Kxf2
Ba6 21. Kg3 Qg6+ 22. Kf2 Qf6 23. Kg3 Qg6+ 24. Kf2 Qf6 1/2-1/2

[Event "4NCL/Div2/WRO vs. BAR2"]
[Site "Coventry ENG"]
[Date "2007.01.14"]
[Round "6.3"]
[White "Levitt, Mark"]
[Black "Rogers, Jonathan W"]
[Result "0-1"]
[WhiteElo "2263"]
[BlackElo "2360"]
[PlyCount "84"]
[EventDate "2007.01.14"]
[EventType "team"]
[EventRounds "11"]
[EventCountry "ENG"]
[WhiteTeam "White Rose"]
[BlackTeam "Barbican 4NCL 2"]

1. g3 f5 2. b3 e5 3. Bb2 d6 4. Bg2 Nf6 5. c4 g6 6. d4 e4 7. e3 Na6 8. a3 c6 9.
Ne2 d5 10. Nbc3 Nc7 11. Nf4 Be7 12. h4 O-O 13. Rc1 Ne6 14. Bf1 Nxf4 15. exf4
Rf7 16. h5 Nxh5 17. cxd5 cxd5 18. Nxd5 Qxd5 19. Bc4 Qd6 20. Bxf7+ Kxf7 21. Rxh5
gxh5 22. d5 Kg6 23. Be5 Qxa3 24. Rc7 Qa5+ 25. Kf1 Qb5+ 26. Kg2 Bd7 27. Qd4 Rf8
28. Qxa7 e3 29. Qxb7 Qxb7 30. Rxb7 e2 31. Bc3 Bf6 32. Be1 Rf7 33. Kf3 Be6 34.
Rb5 Rb7 35. Rc5 Rxb3+ 36. Kxe2 Bd7 37. Bd2 Bb5+ 38. Kd1 Rb1+ 39. Kc2 Rb2+ 40.
Kc1 Bd4 41. Rc8 Ra2 42. Rc7 Ra6 0-1

[Event "4NCL/Div2/WRO vs. BAR2"]
[Site "Coventry ENG"]
[Date "2007.01.14"]
[Round "6.4"]
[White "Coleman, David"]
[Black "Adams, David M"]
[Result "1-0"]
[WhiteElo "2251"]
[BlackElo "2232"]
[PlyCount "81"]
[EventDate "2007.01.14"]
[EventType "team"]
[EventRounds "11"]
[EventCountry "ENG"]
[WhiteTeam "Barbican 4NCL 2"]
[BlackTeam "White Rose"]

1. e4 d5 2. exd5 Qxd5 3. Nc3 Qd6 4. Nf3 Nf6 5. Be2 a6 6. d3 Nc6 7. a3 g6 8. Bg5
Bg7 9. h3 O-O 10. Qd2 Re8 11. Bh6 Bh8 12. g4 e5 13. Ng5 Nd4 14. Nce4 Nxe4 15.
Nxe4 Qc6 16. Bd1 f5 17. gxf5 Bxf5 18. f3 Bg7 19. c3 Ne6 20. Bb3 Kh8 21. O-O-O
Nd4 22. Bxg7+ Kxg7 23. Ba2 Be6 24. Bxe6 Nxe6 25. h4 h6 26. Qe3 Rf8 27. Kb1 Rad8
28. Rhe1 Qb6 29. Nd2 Qxe3 30. Rxe3 Nf4 31. Kc2 Rf5 32. Rg1 Rf7 33. Rxe5 Rxd3
34. Rg4 Rd5 35. Re4 Nd3 36. Re6 Nf4 37. Re4 Rdf5 38. Nc4 h5 39. Rg3 Kf6 40. Ne3
Ne2 41. Nxf5 1-0

[Event "4NCL/Div2/WRO vs. BAR2"]
[Site "Coventry ENG"]
[Date "2007.01.14"]
[Round "6.5"]
[White "Gayson, Peter M"]
[Black "Twyble, Michael S"]
[Result "0-1"]
[WhiteElo "2237"]
[BlackElo "2238"]
[PlyCount "76"]
[EventDate "2007.01.14"]
[EventType "team"]
[EventRounds "11"]
[EventCountry "ENG"]
[WhiteTeam "White Rose"]
[BlackTeam "Barbican 4NCL 2"]

1. e4 c5 2. Nf3 d6 3. d4 cxd4 4. Nxd4 Nf6 5. Nc3 a6 6. f4 e5 7. Nf3 Nbd7 8. a4
Be7 9. Bd3 O-O 10. O-O exf4 11. Kh1 Nc5 12. Bxf4 Bg4 13. Qd2 Rc8 14. Rae1 Re8
15. h3 Bd7 16. e5 dxe5 17. Nxe5 Be6 18. Qf2 Nxd3 19. Nxd3 Nd5 20. Nxd5 Qxd5 21.
Be5 Bf8 22. Nf4 Qc5 23. Bd4 Qxc2 24. Re2 Qc7 25. Nh5 f6 26. Bxf6 Bc4 27. Rc2
Qf7 28. Rfc1 Qxh5 29. Rxc4 Rxc4 30. Rxc4 Qd1+ 31. Kh2 Bd6+ 32. g3 Re2 33. Bd4
Rxf2+ 34. Bxf2 Qe2 35. Rc8+ Kf7 36. Kg1 Qd1+ 37. Kh2 Qe2 38. Kg1 Qf3 0-1

[Event "4NCL/Div2/WRO vs. BAR2"]
[Site "Coventry ENG"]
[Date "2007.01.14"]
[Round "6.6"]
[White "Pritchett, Craig W"]
[Black "Burnett, Jim"]
[Result "1-0"]
[WhiteElo "2298"]
[BlackElo "2196"]
[PlyCount "59"]
[EventDate "2007.01.14"]
[EventType "team"]
[EventRounds "11"]
[EventCountry "ENG"]
[WhiteTeam "Barbican 4NCL 2"]
[BlackTeam "White Rose"]

1. Nf3 d5 2. d4 c6 3. e3 Bf5 4. Nh4 Bc8 5. c4 e5 6. Nf3 e4 7. Nfd2 Nf6 8. Nc3
Be7 9. Be2 O-O 10. O-O Bf5 11. f4 exf3 12. Nxf3 dxc4 13. Bxc4 Nbd7 14. Ne5 Bg6
15. Nxg6 hxg6 16. e4 Nb6 17. Bb3 Qd7 18. e5 Nfd5 19. Ne4 Rad8 20. Bg5 Bxg5 21.
Nxg5 Qe7 22. Qg4 f6 23. exf6 gxf6 24. Rae1 Qxe1 25. Rxe1 fxg5 26. Qxg5 Kg7 27.
Bc2 Rd6 28. Re7+ Rf7 29. Rxf7+ Kxf7 30. Qh6 1-0

[Event "4NCL/Div2/WRO vs. BAR2"]
[Site "Coventry ENG"]
[Date "2007.01.14"]
[Round "6.7"]
[White "Barrett, Steve J"]
[Black "Taylor, Peter"]
[Result "0-1"]
[WhiteElo "2215"]
[BlackElo "2217"]
[PlyCount "84"]
[EventDate "2007.01.14"]
[EventType "team"]
[EventRounds "11"]
[EventCountry "ENG"]
[WhiteTeam "White Rose"]
[BlackTeam "Barbican 4NCL 2"]

1. d4 Nf6 2. c4 e6 3. Nc3 Bb4 4. e3 O-O 5. Nf3 d5 6. Bd3 c5 7. O-O cxd4 8. exd4
dxc4 9. Bxc4 Nbd7 10. Bg5 h6 11. Bh4 Qa5 12. Qd3 a6 13. Rac1 b5 14. Bb3 Bb7 15.
Rfe1 Rfe8 16. Ne5 Bxc3 17. bxc3 Rac8 18. Nxd7 Nxd7 19. Re3 Nf8 20. Rg3 Qc7 21.
Bf6 Ng6 22. Be5 Nxe5 23. dxe5 Qxe5 24. Bc2 Red8 25. Qh7+ Kf8 26. f4 Qf6 27. Bb3
Rc5 28. Qh8+ Ke7 29. Qxg7 Qxg7 30. Rxg7 Rd2 31. Rg3 a5 32. Rd1 Rcd5 33. Rxd2
Rxd2 34. a4 Rb2 35. c4 b4 36. h3 Bxg2 37. Rxg2 Rxb3 38. Rg4 Rxh3 39. Kf2 Rc3
40. Rh4 Rxc4 41. Ke3 b3 42. Rxh6 b2 0-1

[Event "4NCL/Div2/WRO vs. BAR2"]
[Site "Coventry ENG"]
[Date "2007.01.14"]
[Round "6.8"]
[White "Regan, Natasha"]
[Black "Khakimova, Masura"]
[Result "1-0"]
[WhiteElo "2171"]
[BlackElo "1885"]
[PlyCount "85"]
[EventDate "2007.01.14"]
[EventType "team"]
[EventRounds "11"]
[EventCountry "ENG"]
[WhiteTeam "Barbican 4NCL 2"]
[BlackTeam "White Rose"]

1. e4 d6 2. d4 Nf6 3. Nc3 g6 4. Be3 Bg7 5. Qd2 c6 6. Bh6 O-O 7. Bd3 Qb6 8. Bxg7
Kxg7 9. e5 Ne8 10. Nge2 Qxb2 11. O-O dxe5 12. dxe5 Nd7 13. Rab1 Qa3 14. f4 Nc7
15. Kh1 Nd5 16. Nxd5 cxd5 17. Bb5 Nb6 18. Nd4 Nc4 19. Bxc4 dxc4 20. f5 f6 21.
exf6+ Rxf6 22. fxg6 hxg6 23. Rxf6 exf6 24. Nb5 Qc5 25. Nd6 b6 26. Re1 g5 27.
Re7+ Kg6 28. Nxc8 Qxc8 29. Qd5 Qg8 30. Qe4+ Kh6 31. h4 gxh4 32. Qxh4+ Kg6 33.
Qg4+ Kh6 34. Qf4+ Kg6 35. Re3 Qd5 36. Rg3+ Kf7 37. Qc7+ Ke6 38. Re3+ Kf5 39.
Qh7+ Kf4 40. Rf3+ Kg4 41. Qg6+ Qg5 42. Qe4+ Kh5 43. Rh3+ 1-0

[Event "4NCL/Div2/WWKS1 vs. BARY"]
[Site "Coventry ENG"]
[Date "2007.01.14"]
[Round "6.1"]
[White "Mason, Don"]
[Black "Bigg, Andrew J"]
[Result "1/2-1/2"]
[WhiteElo "2249"]
[BlackElo "2238"]
[PlyCount "41"]
[EventDate "2007.01.14"]
[EventType "team"]
[EventRounds "11"]
[EventCountry "ENG"]
[WhiteTeam "Warks Select 1"]
[BlackTeam "Barbican Yth"]

1. e4 e6 2. d4 d5 3. Nd2 Nf6 4. e5 Nfd7 5. Bd3 c5 6. c3 Nc6 7. Ngf3 a5 8. O-O
a4 9. Re1 a3 10. c4 dxc4 11. Nxc4 axb2 12. Bxb2 b5 13. Nd6+ Bxd6 14. exd6 Nxd4
15. Nxd4 cxd4 16. Bxd4 O-O 17. Qh5 g6 18. Qh6 e5 19. Bxe5 Nxe5 20. Rxe5 Qf6 21.
Rae1 1/2-1/2

[Event "4NCL/Div2/WWKS1 vs. BARY"]
[Site "Coventry ENG"]
[Date "2007.01.14"]
[Round "6.2"]
[White "Lewis, Andrew P"]
[Black "James, Russell A"]
[Result "1/2-1/2"]
[WhiteElo "2254"]
[BlackElo "2233"]
[PlyCount "149"]
[EventDate "2007.01.14"]
[EventType "team"]
[EventRounds "11"]
[EventCountry "ENG"]
[WhiteTeam "Barbican Yth"]
[BlackTeam "Warks Select 1"]

1. c4 e6 2. Nc3 d5 3. d4 Bb4 4. Qb3 Nc6 5. Nf3 a6 6. Bg5 f6 7. Bd2 Nge7 8. e3
O-O 9. a3 Bxc3 10. Bxc3 Bd7 11. Bd3 b5 12. cxd5 exd5 13. O-O Kh8 14. Qc2 Qe8
15. Nd2 Qh5 16. Nb3 Rae8 17. Nc5 Bc8 18. Rae1 Nf5 19. Qd1 Qxd1 20. Rxd1 Nd6 21.
b3 a5 22. Rc1 b4 23. axb4 axb4 24. Bd2 f5 25. f4 Re7 26. Kf2 Rfe8 27. Ra1 Ne4+
28. Bxe4 dxe4 29. d5 Rd8 30. Ra8 Bb7 31. Rxd8+ Nxd8 32. Nxb7 Nxb7 33. Bxb4 Rd7
34. Rd1 Kg8 35. h3 h5 36. Kg3 Kf7 37. Rd4 Nd6 38. Bxd6 Rxd6 39. Rc4 Rxd5 40.
Rxc7+ Kg6 41. Rc6+ Kh7 42. b4 Rd3 43. Kf2 Rd2+ 44. Kf1 Rb2 45. Rc5 Rxb4 46.
Rxf5 g6 47. Re5 h4 48. f5 g5 49. f6 Kg6 50. f7 Rb8 51. Rxe4 Kxf7 52. Kf2 Kf6
53. Rc4 Rb5 54. Kf3 Kf5 55. Rd4 Rb2 56. Rd5+ Kf6 57. Ra5 Rc2 58. Ra6+ Ke5 59.
Rg6 Kf5 60. Rg8 Ra2 61. Rd8 Rb2 62. Rd5+ Kf6 63. Rd1 Ra2 64. Re1 Kf5 65. Re2
Ra3 66. Rd2 Rb3 67. Rd4 Rb2 68. Rd5+ Kf6 69. e4 Rb3+ 70. Ke2 Rb2+ 71. Rd2 Rb3
72. Rd3 Rb2+ 73. Kf3 Ra2 74. Rb3 Rc2 75. Rb6+ 1/2-1/2

[Event "4NCL/Div2/WWKS1 vs. BARY"]
[Site "Coventry ENG"]
[Date "2007.01.14"]
[Round "6.3"]
[White "Thomas, Nicholas"]
[Black "Hodgson, John H"]
[Result "0-1"]
[WhiteElo "2296"]
[BlackElo "2225"]
[PlyCount "92"]
[EventDate "2007.01.14"]
[EventType "team"]
[EventRounds "11"]
[EventCountry "ENG"]
[WhiteTeam "Warks Select 1"]
[BlackTeam "Barbican Yth"]

1. e4 c5 2. Nc3 Nc6 3. g3 g6 4. Bg2 Bg7 5. d3 d6 6. f4 e6 7. Nf3 Nge7 8. O-O
O-O 9. Be3 Nd4 10. e5 Nef5 11. Bf2 Nxf3+ 12. Qxf3 Nd4 13. Qd1 dxe5 14. fxe5
Bxe5 15. Ne4 f5 16. Nxc5 Qd6 17. Na4 f4 18. gxf4 Bxf4 19. h3 Bd7 20. Nc3 Bc6
21. Ne4 Bxe4 22. dxe4 Nc6 23. Qxd6 Bxd6 24. Rfd1 Bh2+ 25. Kxh2 Rxf2 26. Rd7
Raf8 27. Rad1 Rxc2 28. R1d2 Rxd2 29. Rxd2 Rd8 30. Rc2 Kf7 31. e5 g5 32. Bxc6
bxc6 33. Rxc6 Rd2+ 34. Kg3 h5 35. Rc7+ Kg6 36. Rxa7 h4+ 37. Kf3 Rxb2 38. Ke4
Rb4+ 39. Ke3 Kf5 40. Ra5 Rb2 41. Kd4 Rd2+ 42. Kc4 Rh2 43. Kd4 Rxh3 44. Ra8 Rh1
45. Rf8+ Kg4 46. Rf6 h3 0-1

[Event "4NCL/Div2/WWKS1 vs. BARY"]
[Site "Coventry ENG"]
[Date "2007.01.14"]
[Round "6.4"]
[White "Kilpatrick, Callum"]
[Black "Pitcher, John"]
[Result "1/2-1/2"]
[WhiteElo "2142"]
[BlackElo "2195"]
[PlyCount "94"]
[EventDate "2007.01.14"]
[EventType "team"]
[EventRounds "11"]
[EventCountry "ENG"]
[WhiteTeam "Barbican Yth"]
[BlackTeam "Warks Select 1"]

1. e4 c5 2. Nf3 e6 3. d4 cxd4 4. Nxd4 a6 5. Bd3 g6 6. c4 Bg7 7. Be3 Ne7 8. Nc3
O-O 9. O-O d5 10. exd5 exd5 11. cxd5 Nxd5 12. Nxd5 Qxd5 13. Be2 Nd7 14. Bf3 Qe5
15. Rc1 Qa5 16. Qb3 Ne5 17. Bd5 Rd8 18. Be4 Ng4 19. h3 Qe5 20. hxg4 Qxe4 21.
Rc7 Qd5 22. Qxd5 Rxd5 23. Nb3 Bxb2 24. Bf4 b6 25. f3 Be6 26. Rb7 Rb5 27. Be3
Bxb3 28. axb3 Rxb3 29. Rxb6 Rxb6 30. Bxb6 a5 31. Rf2 Bf6 32. Ra2 a4 33. Bc5 Be5
34. Kf2 f6 35. Ke3 Kf7 36. Kd3 Ke6 37. Kc4 f5 38. gxf5+ Kxf5 39. Kb4 h5 40. Bf2
Rb8+ 41. Kc4 Rc8+ 42. Kb4 Bd6+ 43. Kxa4 Ra8+ 44. Kb3 Rxa2 45. Kxa2 Bh2 46. Kb3
g5 47. Kc3 g4 1/2-1/2

[Event "4NCL/Div2/WWKS1 vs. BARY"]
[Site "Coventry ENG"]
[Date "2007.01.14"]
[Round "6.5"]
[White "Fishburne, Stewart K"]
[Black "Farrand, Julian T"]
[Result "1/2-1/2"]
[WhiteElo "2200"]
[BlackElo "2164"]
[PlyCount "39"]
[EventDate "2007.01.14"]
[EventType "team"]
[EventRounds "11"]
[EventCountry "ENG"]
[WhiteTeam "Warks Select 1"]
[BlackTeam "Barbican Yth"]

1. e4 d6 2. d4 Nf6 3. Nc3 Nbd7 4. f4 e5 5. Nf3 exd4 6. Qxd4 c6 7. Be2 d5 8.
exd5 Bc5 9. Qd3 O-O 10. Bd2 cxd5 11. O-O-O Nb6 12. Be1 Qc7 13. Ne5 Nc4 14. Nxc4
dxc4 15. Qg3 Re8 16. Bd2 Bb4 17. Bf3 Be6 18. f5 Qxg3 19. hxg3 Bxf5 20. Bxb7
1/2-1/2

[Event "4NCL/Div2/WWKS1 vs. BARY"]
[Site "Coventry ENG"]
[Date "2007.01.14"]
[Round "6.6"]
[White "Levermore, Peter A"]
[Black "Clark, Stephen P"]
[Result "1-0"]
[WhiteElo "2104"]
[BlackElo "2138"]
[PlyCount "39"]
[EventDate "2007.01.14"]
[EventType "team"]
[EventRounds "11"]
[EventCountry "ENG"]
[WhiteTeam "Barbican Yth"]
[BlackTeam "Warks Select 1"]

1. e4 d5 2. exd5 Nf6 3. d4 Bg4 4. Nf3 Qxd5 5. Be2 Nc6 6. O-O O-O-O 7. c4 Qh5 8.
Nc3 e5 9. h3 exd4 10. hxg4 Nxg4 11. Nd5 Rxd5 12. cxd5 Bd6 13. Re1 Bh2+ 14. Kf1
Bd6 15. Bd3 Qh1+ 16. Ke2 Re8+ 17. Kd2 Rxe1 18. Nxe1 Nxf2 19. Qe2 Bb4+ 20. Kc2
1-0

[Event "4NCL/Div2/WWKS1 vs. BARY"]
[Site "Coventry ENG"]
[Date "2007.01.14"]
[Round "6.7"]
[White "Baruch, Andrew J D"]
[Black "Moore, John C"]
[Result "1/2-1/2"]
[WhiteElo "2085"]
[BlackElo "2032"]
[PlyCount "55"]
[EventDate "2007.01.14"]
[EventType "team"]
[EventRounds "11"]
[EventCountry "ENG"]
[WhiteTeam "Warks Select 1"]
[BlackTeam "Barbican Yth"]

1. e4 e5 2. Nf3 Nc6 3. Bb5 a6 4. Ba4 Nf6 5. d3 d6 6. c3 Be7 7. Nbd2 O-O 8. Nf1
b5 9. Bb3 Na5 10. Bc2 c5 11. Ng3 Nc6 12. O-O Bd7 13. h3 Be6 14. Ng5 d5 15. Nxe6
fxe6 16. exd5 exd5 17. Nf5 c4 18. Nxe7+ Qxe7 19. a4 d4 20. axb5 axb5 21. Rxa8
Rxa8 22. Re1 Qd6 23. cxd4 exd4 24. Bg5 Rf8 25. Bb1 Nb4 26. Qd2 Nxd3 27. Bxd3
cxd3 28. Qxd3 1/2-1/2

[Event "4NCL/Div2/OXF1 vs. GUI3"]
[Site "Coventry ENG"]
[Date "2007.01.14"]
[Round "6.1"]
[White "Savage, Ben D"]
[Black "Cooksey, Paul S"]
[Result "1/2-1/2"]
[WhiteElo "2334"]
[BlackElo "2236"]
[PlyCount "95"]
[EventDate "2007.01.14"]
[EventType "team"]
[EventRounds "11"]
[EventCountry "ENG"]
[WhiteTeam "Oxford 1"]
[BlackTeam "Guildford-ADC 3"]

1. d4 d5 2. c4 c6 3. Nf3 Nf6 4. e3 Bg4 5. h3 Bh5 6. cxd5 Bxf3 7. Qxf3 cxd5 8.
Nc3 e6 9. Bd3 Be7 10. O-O O-O 11. Bd2 Nc6 12. Rac1 Rc8 13. Rfd1 Nd7 14. Be1 f5
15. Nxd5 exd5 16. Qxd5+ Kh8 17. Bxf5 Rc7 18. Bb1 Bb4 19. Bxb4 Nxb4 20. Qd6 Rxc1
21. Rxc1 Nc6 22. Be4 Rf6 23. Qg3 Qe7 24. Qh4 Nf8 25. Bxc6 bxc6 26. Rxc6 Qf7 27.
Rxf6 gxf6 28. b3 Qe6 29. Qf4 Nd7 30. Qc7 a6 31. e4 Kg7 32. f3 Kf8 33. Kf1 Ke7
34. Ke2 Qg8 35. Kf1 Qg5 36. Qc4 Qd2 37. b4 Qd1+ 38. Kf2 Qd2+ 39. Kg1 h5 40. Kh2
h4 41. a3 Qf4+ 42. Kh1 Qe3 43. Qxa6 Qc1+ 44. Kh2 Qf4+ 45. Kh1 Qc1+ 46. Kh2 Qf4+
47. Kg1 Qe3+ 48. Kh2 1/2-1/2

[Event "4NCL/Div2/OXF1 vs. GUI3"]
[Site "Coventry ENG"]
[Date "2007.01.14"]
[Round "6.2"]
[White "Richardson, Keith B"]
[Black "Ozeren, Kemal"]
[Result "0-1"]
[WhiteElo "2250"]
[BlackElo "2298"]
[PlyCount "126"]
[EventDate "2007.01.14"]
[EventType "team"]
[EventRounds "11"]
[EventCountry "ENG"]
[WhiteTeam "Guildford-ADC 3"]
[BlackTeam "Oxford 1"]

1. c4 c6 2. Nf3 Nf6 3. b3 d5 4. Bb2 Bg4 5. e3 e6 6. Be2 Nbd7 7. O-O Bd6 8. d4
Qc7 9. Nbd2 O-O 10. h3 Bh5 11. Rc1 Rfe8 12. c5 Be7 13. b4 Bxf3 14. Nxf3 Ne4 15.
Nd2 f5 16. Nxe4 fxe4 17. f4 exf3 18. Rxf3 Bf6 19. Qd2 e5 20. dxe5 Bxe5 21. Rcf1
Nf6 22. Bxe5 Rxe5 23. Bd3 Rae8 24. Bc2 Qe7 25. Re1 Ne4 26. Qd4 h6 27. a3 Qc7
28. Rf4 Ng5 29. Qd3 Qe7 30. h4 Ne4 31. Qd4 Nf6 32. Rf3 Qe6 33. Bg6 Re7 34. Qf4
Qg4 35. Qxg4 Nxg4 36. Ref1 Nf6 37. Kf2 Rxe3 38. Rxe3 Ng4+ 39. Kf3 Nxe3 40. Re1
Nf5 41. Rxe7 Nxe7 42. Be8 Kf8 43. Bd7 Kf7 44. h5 Kf6 45. Kf4 g5+ 46. hxg6 Nxg6+
47. Ke3 Ke5 48. Bc8 d4+ 49. Kd2 b6 50. cxb6 axb6 51. a4 Kd5 52. a5 bxa5 53.
bxa5 Kc5 54. a6 Kb6 55. Kd3 Ne7 56. Be6 c5 57. Bc4 Nc6 58. Ke4 Nb4 59. Kf5 Nxa6
60. Kg6 Nb4 61. Kxh6 d3 62. Kg5 d2 63. Be2 Nd5 0-1

[Event "4NCL/Div2/OXF1 vs. GUI3"]
[Site "Coventry ENG"]
[Date "2007.01.14"]
[Round "6.3"]
[White "White, Michael J R"]
[Black "Anderton, Matthew N"]
[Result "0-1"]
[WhiteElo "2260"]
[BlackElo "2220"]
[PlyCount "80"]
[EventDate "2007.01.14"]
[EventType "team"]
[EventRounds "11"]
[EventCountry "ENG"]
[WhiteTeam "Oxford 1"]
[BlackTeam "Guildford-ADC 3"]

1. e4 e6 2. d4 d5 3. e5 c5 4. c3 Nc6 5. Nf3 Bd7 6. Be2 Nge7 7. Na3 Ng6 8. h4
cxd4 9. cxd4 Be7 10. h5 Nh4 11. Nxh4 Bxh4 12. Nc2 Be7 13. O-O Qb6 14. Bd3 f6
15. Be3 fxe5 16. dxe5 Bc5 17. h6 g6 18. Qe2 Bxe3 19. Nxe3 Nb4 20. Rfc1 Nxd3 21.
Qxd3 Bc6 22. a4 Qb4 23. g3 O-O 24. b3 Rf3 25. Qf1 Qe4 26. Qh3 Qxe5 27. Re1 Qf6
28. Ng4 Qf5 29. Re5 Qf7 30. Rae1 Rf8 31. Qf1 d4 32. Rxe6 d3 33. Re7 Qd5 34. Qh3
d2 35. Rd1 R3f5 36. Ne3 Qf3 37. Rxd2 Rh5 38. Qe6+ Kh8 39. Rxh7+ Kxh7 40. Qe7+
Rf7 0-1

[Event "4NCL/Div2/OXF1 vs. GUI3"]
[Site "Coventry ENG"]
[Date "2007.01.14"]
[Round "6.4"]
[White "Punnett, Alan K"]
[Black "Smallbone, Kieran"]
[Result "1-0"]
[WhiteElo "2107"]
[BlackElo "2228"]
[PlyCount "147"]
[EventDate "2007.01.14"]
[EventType "team"]
[EventRounds "11"]
[EventCountry "ENG"]
[WhiteTeam "Guildford-ADC 3"]
[BlackTeam "Oxford 1"]

1. d4 Nf6 2. c4 c6 3. Nf3 d5 4. e3 Bf5 5. Nc3 e6 6. Bd3 Bxd3 7. Qxd3 Bb4 8. O-O
Nbd7 9. a3 Bxc3 10. Qxc3 Ne4 11. Qc2 Nd6 12. Nd2 Nf6 13. f3 O-O 14. b3 Nf5 15.
Qc3 Qb6 16. Kh1 Rad8 17. Bb2 Rd7 18. g4 Nh4 19. e4 dxe4 20. Nxe4 Nxe4 21. fxe4
Ng6 22. Rae1 Qd8 23. d5 e5 24. Qg3 Re8 25. Rf5 Qh4 26. Bxe5 cxd5 27. cxd5 Rde7
28. d6 Rd7 29. Rh5 Qd8 30. Rd1 f6 31. Bc3 Rxe4 32. Ra5 Qb6 33. Qd3 Qc6 34. Qd5+
Qxd5 35. Rdxd5 b6 36. Rxa7 Rxa7 37. d7 Rxd7 38. Rxd7 Re3 39. Bb4 Rxb3 40. Rb7
Ne5 41. Rxb6 Nxg4 42. a4 Ne3 43. Kg1 Kf7 44. Bc5 Rc3 45. Rb7+ Ke6 46. Re7+ Kf5
47. Bxe3 Ra3 48. Kf2 Rxa4 49. Rxg7 h5 50. Kf3 Rh4 51. Kg2 Ra4 52. Bf2 Rc4 53.
Ra7 Kg5 54. Rg7+ Kf5 55. h3 Ra4 56. Rg8 Rc4 57. Rh8 Kg6 58. Be3 Re4 59. Kf3 Re5
60. Rg8+ Kf5 61. Rc8 Re6 62. Rc5+ Kg6 63. Rb5 Ra6 64. Rd5 Rc6 65. Ke4 Rc4+ 66.
Rd4 Rc2 67. Rd3 Re2 68. Kf4 Ra2 69. Bd4 Ra5 70. Rg3+ Kf7 71. Rf3 Kg6 72. Kg3
Ra6 73. Kh4 Re6 74. Rg3+ 1-0

[Event "4NCL/Div2/OXF1 vs. GUI3"]
[Site "Coventry ENG"]
[Date "2007.01.14"]
[Round "6.5"]
[White "Shaw, David A"]
[Black "Dekker, Alain"]
[Result "1-0"]
[WhiteElo "2202"]
[BlackElo "2144"]
[PlyCount "83"]
[EventDate "2007.01.14"]
[EventType "team"]
[EventRounds "11"]
[EventCountry "ENG"]
[WhiteTeam "Oxford 1"]
[BlackTeam "Guildford-ADC 3"]

1. e4 c5 2. Nf3 d6 3. d4 cxd4 4. Nxd4 Nf6 5. Nc3 a6 6. Be3 e6 7. f3 Qc7 8. g4
b5 9. Qd2 Nc6 10. g5 Nd7 11. f4 Nb6 12. O-O-O Bb7 13. Qf2 Nxd4 14. Bxd4 Nd7 15.
a3 Rc8 16. h4 Nb8 17. Bh3 Nc6 18. Bb6 Qd7 19. f5 Be7 20. fxe6 fxe6 21. Rhf1 Rf8
22. Qe2 b4 23. Nd5 bxa3 24. Kb1 Ne5 25. Qh5+ g6 26. Rxf8+ Kxf8 27. Qxh7 Bf6 28.
Nxf6 Qxh7 29. Nxh7+ Ke7 30. Nf6 axb2 31. Bf2 Rc4 32. Bf1 Rb4 33. Be1 Ra4 34.
Kxb2 Bxe4 35. Kb3 Bc6 36. Bb4 Nf7 37. c4 a5 38. Ba3 e5 39. Bd3 e4 40. Bxe4
Rxa3+ 41. Kxa3 Bxe4 42. Nxe4 1-0

[Event "4NCL/Div2/OXF1 vs. GUI3"]
[Site "Coventry ENG"]
[Date "2007.01.14"]
[Round "6.6"]
[White "Howell, Christopher"]
[Black "Rawlinson, Aidan"]
[Result "1/2-1/2"]
[WhiteElo "2114"]
[BlackElo "2186"]
[PlyCount "65"]
[EventDate "2007.01.14"]
[EventType "team"]
[EventRounds "11"]
[EventCountry "ENG"]
[WhiteTeam "Guildford-ADC 3"]
[BlackTeam "Oxford 1"]

1. e4 c5 2. a3 g6 3. b4 Bg7 4. c3 d5 5. bxc5 dxe4 6. Qa4+ Nc6 7. Bb5 Bd7 8.
Qxe4 Nf6 9. Qe2 O-O 10. Nf3 e5 11. O-O e4 12. Bxc6 Bxc6 13. Nd4 Qd5 14. Nxc6
Qxc6 15. a4 Rfe8 16. Qb5 Qd5 17. c4 Qh5 18. Bb2 a6 19. Qb4 Rac8 20. Bxf6 Bxf6
21. Nc3 Rxc5 22. Qxb7 Be5 23. g3 Bxc3 24. dxc3 Qh3 25. f4 e3 26. Ra2 Qe6 27.
Re2 Qxc4 28. Rfe1 Qxc3 29. Qxa6 Kg7 30. Qb7 Qa3 31. Qb2+ Qxb2 32. Rxb2 Re4 33.
Kg2 1/2-1/2

[Event "4NCL/Div2/OXF1 vs. GUI3"]
[Site "Coventry ENG"]
[Date "2007.01.14"]
[Round "6.7"]
[White "Eckersley-Waites, Tom"]
[Black "Stimpson, Philip M"]
[Result "1-0"]
[WhiteElo "2159"]
[BlackElo "2097"]
[PlyCount "81"]
[EventDate "2007.01.14"]
[EventType "team"]
[EventRounds "11"]
[EventCountry "ENG"]
[WhiteTeam "Oxford 1"]
[BlackTeam "Guildford-ADC 3"]

1. e4 e6 2. d4 d5 3. Nd2 dxe4 4. Nxe4 Qd5 5. Bd3 Nf6 6. f3 Nc6 7. Ne2 Bd7 8.
Be3 Qa5+ 9. c3 Nd5 10. Bd2 f5 11. b4 Ncxb4 12. cxb4 Nxb4 13. Nf2 Nxd3+ 14. Nxd3
Qd5 15. Qb3 Qxb3 16. axb3 Bb5 17. Ne5 Bd6 18. Nc3 Ba6 19. Nc4 Be7 20. d5 O-O-O
21. dxe6 Rhe8 22. O-O-O Bxc4 23. bxc4 Ba3+ 24. Kc2 Rxe6 25. Rhe1 Rde8 26. Nb5
Bc5 27. Rxe6 Rxe6 28. Bg5 b6 29. Nxa7+ Kb7 30. Nb5 Rg6 31. Bf4 Rxg2+ 32. Rd2
Rxd2+ 33. Kxd2 c6 34. Nd6+ Bxd6 35. Bxd6 g5 36. Be7 h6 37. Bf8 h5 38. Be7 g4
39. fxg4 fxg4 40. Ke3 c5 41. Kf4 1-0